10 najczęstrzych uzależnień na świecie - Statystyki

Ogólne statystyki
  • Ten quiz został rozwiązany 69 razy
  • Średni wynik to 5 z 10
Statystyki odpowiedzi
Hint Odpowiedź % Poprawnych
2. Alkohol
97%
3. Narkotyki
80%
1. Nikotyna
60%
4. Kofeina
45%
6. Internet
38%
5. Hazard
33%
7. Jedzenie
33%
9. Pracoholizm
33%
8. Zakupoholizm
20%
10. Gry Wideo
17%
Nie znaleziono quizów pasujących do podanych kryteriów
Rozkład punktacji
Procent ludzi z każdym wynikiem
Percentyl według liczby udzielonych odpowiedzi
Twoja historia wyników
Nie rozwiązałeś tego quizu